Normal view
MARC view
- Castillero, Antonio
Entry Nombre Personal
001 - NUMERO DE CONTROL
- campo de control: 48116
003 - IDENTIFICADOR DE NUMERO DE CONTROL
- campo de control: UPN
005 - FECHA Y HORA DE LA ÜLTIMA TRANSACCIÓN
- campo de control: 20230502093403.0
008 - DATOS DE LONGITUD FIJA
- campo de control de longitud fija: 230307|| acn||aabn | a|a d
040 ## - FUENTE DE CATALOGACIÓN
- Agencia original de catalogación: MX-MxUPN
100 1# - ENCABEZAMIENTO - NOMBRE PERSONAL
- Nombre personal: Castillero, Antonio
371 ## - DIRECCIÓN
- Electronic mail address: castillero.antonio@gmail.com
372 ## - CAMPO DE ACTIVIDAD
- Field of activity: Ciencias sociales, pedagogía
- Field of activity: Docencia
374 ## - OCUPACIÓN
- Occupation: Consultor pedagógico
- Occupation: Profesor universitario
670 ## - FUENTE EN LA QUE SE LOCALIZARON DATOS
- Cita de la fuente: En recurso en línea Acción y reflexión educativa, No. 46 (2021):
- Información localizada: página 186 (Antonio Castillero)
- Uniform Resource Identifier: https://revistas.up.ac.pa/index.php/accion_reflexion_educativa/article/view/1967/1532
902 ## - CATALOGADOR
- Catalogador: RGJD/0205023
